Chémia : súbor otázok na prijímacie skúšky /

Gespeichert in:
Bibliographische Detailangaben
1. Verfasser: Sedlárová, Eva
Weitere Verfasser: Valent, Aladár, Kohútová, Mária
Format: Buch
Sprache:Slowakisch
Veröffentlicht: Bratislava : Univerzita Komenského v Bratislave, 2006
Ausgabe:3. vyd.
Schlagworte:
ISBN:8022322601
Online-Zugang: Volltext
Tags: Tag hinzufügen
Keine Tags, Fügen Sie den ersten Tag hinzu!

MARC

LEADER 00000nam a2200000 4500
003 SK-BrCVT
005 20220621162533.0
008 070605s2006 xo e ||||||slo d
020 |a 8022322601 
035 |a CVTIDW1409172 
040 |b slo  |a CVTI SR  |e AACR2 
041 0 |a slo 
044 |a xo 
080 |a 54  |2 UDC-MRF 
100 1 |a Sedlárová, Eva 
245 1 0 |a Chémia :  |b súbor otázok na prijímacie skúšky /  |c Eva Sedlárová, Aladár Valent, Mária Kohútová 
250 |a 3. vyd. 
260 |a Bratislava :  |b Univerzita Komenského v Bratislave,  |c 2006 
300 |a 223 s. 
653 1 |a štruktúra atómu  |a organická chémia  |a anorganická chémia  |a biochémia  |a izoméria 
700 1 |a Valent, Aladár 
700 1 |a Kohútová, Mária 
910 |b A602086 
919 |a 80-223-2260-1 
974 |f Knihy 
992 |a AUC 
999 |c 151018  |d 151018